Romans and the People of God. (Record no. 12883)

MARC details
000 -LEADER
fixed length control field 00641nam a2200229 a 4500
020 ## - INTERNATIONAL STANDARD BOOK NUMBER
ISBN 0802818
082 00 - DEWEY DECIMAL CLASSIFICATION NUMBER
Classification number 227.1
Author Cutter SOD
100 ## - MAIN ENTRY--AUTHOR NAME
Author name Soderlund, Sven K
245 ## - TITLE STATEMENT
Title Romans and the People of God.
260 ## - PUBLICATION, DISTRIBUTION, ETC. (IMPRINT)
Place of publication Michigan
Name of publisher William B.Eerdmans Pub
Year of publication 1999
300 ## - PHYSICAL DESCRIPTION
Number of Pages 311p
500 ## - GENERAL NOTE
General note includes index and biblioraphy
505 2# - FORMATTED CONTENTS NOTE
Formatted contents note essays in honor of Gordon D Fee on the occasion of his 65th birthday
650 ## - SUBJECT ADDED ENTRY--TOPICAL TERM
Topical Term Bible N.T. Epistles Romans
942 ## - ADDED ENTRY ELEMENTS (KOHA)
Koha item type Books
Holdings
Collection code Home library Current library Date acquired Cost, normal purchase price Full call number Accession Number Koha item type
  Henry Martyn Institute Library Henry Martyn Institute Library 06/20/2007 805.00 227.1 SOD 019627 Books
                   Copyright © 2026 | Henry Martyn Institute | Hyderabad | TS-500052 | INDIA | Implemented by hmi.edu.in
Hit-Count:

Powered by Koha